| 000 -LEADER |
| fixed length control field |
00466nam a2200205Ia 4500 |
| 001 - CONTROL NUMBER |
| control field |
14557 |
| 003 - CONTROL NUMBER IDENTIFIER |
| control field |
GE_BSU |
| 008 - FIXED-LENGTH DATA ELEMENTS--GENERAL INFORMATION |
| fixed length control field |
181216s||||||||xx |||||||||||||| ||und|| |
| 040 ## - CATALOGING SOURCE |
| Transcribing agency |
GE_BSU |
| 080 ## - UNIVERSAL DECIMAL CLASSIFICATION NUMBER |
| Universal Decimal Classification number |
82-93 |
| 100 ## - MAIN ENTRY--PERSONAL NAME |
| Personal name |
Alderson,Brian |
| 245 ## - TITLE STATEMENT |
| Title |
Cakes and Custard |
| 245 ## - TITLE STATEMENT |
| Statement of responsibility, etc. |
Illustrated by Helen Oxenbury |
| 260 ## - PUBLICATION, DISTRIBUTION, ETC. |
| Place of publication, distribution, etc. |
London |
| 260 ## - PUBLICATION, DISTRIBUTION, ETC. |
| Name of publisher, distributor, etc. |
Book club Associates |
| 260 ## - PUBLICATION, DISTRIBUTION, ETC. |
| Date of publication, distribution, etc. |
1974 |
| 300 ## - PHYSICAL DESCRIPTION |
| Extent |
156p.ill.24cm. |
| 653 ## - INDEX TERM--UNCONTROLLED |
| Uncontrolled term |
Cakes and Custard |
| 942 ## - ADDED ENTRY ELEMENTS (KOHA) |
| Koha item type |
წიგნი |